01081nam a2200289 a 4500001000200000003000900002005001700011008003200028020001500060040002600075082002900101100002800130245009600158260004400254300002100298490002400319500005700343504005400400590002600454650002400480650003600504650005300540910004100593942001200634952013000646999001500776 DO-SdBNP20230504103350.0091202s2004 dr 000 e spa d a9993479071 aDO-SdBNPbspacBPMSU  4aRD864.44bC433l 20042221 aChahín, Pliniod1959-10a¿Literatura sin lenguaje? :bescritos sobre el silencio y otros textos /cPlinio Chahín. aSanto Domingo :bEditora Búho,c2004. a404 p. ;c23 cm.0 aEnsayos críticos  aIncluye datos biográficos del autor en las solapas aIncluye referencias bibliográficas (p. 395-404) 6Inventariado, 2023/VM 4aEnsayos dominicanos 4aLiteratura dominicanaySiglo XX 4aCrítica literariavColecciones de escritos z  aVMateo V. Control de calidad (BPMSU) 2ddccBK 00102ddc40708CDaBPMETbBPMETd2018-02-07eFUNDIoBPMSU CD RD864.44 C433l 2004pBPMSU18020095r2018-02-07w2018-02-07yBK c9263d9263